Derecho de daños en la Corte Suprema de Justicia de la Provincia de Buenos Aires /
La culpa. Culpa médica. Accidentes de automotores. Contrato de seguro
Guardado en:
| Autor Principal: | |
|---|---|
| Formato: | Libro |
| Idioma: | Spanish |
| Publicado: |
Buenos Aires :
Rubinzal Culzoni,
1999.
|
| Materias: | |
| Etiquetas: |
Agregar Etiqueta
Sin Etiquetas, Sea el primero en etiquetar este registro!
|
| LEADER | 00598nam a22001695a 4500 | ||
|---|---|---|---|
| 001 | DER.der000080 | ||
| 008 | 180615s1999####ag#||||||||||||||#||spa|| | ||
| 005 | 20251204152456.0 | ||
| 245 | 1 | 0 | |a Derecho de daños en la Corte Suprema de Justicia de la Provincia de Buenos Aires / |c Jorge Mario Galdós. |
| 260 | |a Buenos Aires : |b Rubinzal Culzoni, |c 1999. | ||
| 300 | |a 415 p. | ||
| 520 | |a La culpa. Culpa médica. Accidentes de automotores. Contrato de seguro | ||
| 020 | |a 9507272135 | ||
| 100 | 1 | |a Galdós, Jorge Mario | |
| 653 | |a DAÑOS | ||
| 653 | |a DERECHO CIVIL | ||
| 859 | |a DERECHO |b BIB. DERECHO |h 346.5 |i GAL |p 001016 | ||
